000 00746nam a2200241Ia 4500
003 OSt
005 20220916111044.0
006 a|||||r|||| 00| 0
007 ta
008 Pun
024 _a245029
037 _cTextbook
040 _bPun
_aARTS
_cARTS
041 _aPun
082 _aO153k, K4
100 _aਜੋਗਿੰਦਰ ਸਿੰਘ ਰਮਦੇਵ, ਥਦ।
245 0 _aਪੰਜਾਬੀ ਲਿਖਾਰੀ ਕੋF
260 _aਜਲੰਧਰ
_bਨਿਊ ਬੁਕ ਕੰਪਨੀ ਭਾਰਤ
_c1964
300 _a335ਪੰ
_ccm.
650 _aਪੰਜਾਬੀ ਸਾਹਿਤ
942 _hO153k, K4
_cTB
_2CC
999 _c104723
_d104723